000 00896nam a2200265 a 4500
001 56627
003 BD-RjUL
005 20211209080422.0
008 161203s2003 mauab b 001 0 eng
020 _a0631166874 (alk. paper)
020 _a0631187677 (alk. paper)
035 _a(BD-RjUL)56751
040 _aDLC
_cDLC
_dBD-RjUL
_beng
041 _aeng
082 0 0 _a320.0941
_223
_bSEP 2003
100 1 _aSeymour-Ure, Colin,
_d1938-
_9168435
245 1 0 _aPrime ministers and the media :
_bissues of power and control /
_cColin Seymour-Ure.
260 _aMalden :
_bBlackwell Pub.,
_c2003.
300 _axi, 270 p. :
_bill. ;
_c24 cm.
500 _aIncludes index.
650 0 _aPress and politics
_zGreat Britain
_xPolitics and government
_y20th century.
_9168436
651 0 _aGreat Britain
_xPolitics and government
_y20th century.
_9130296
942 _2ddc
_cBK
999 _c56627
_d56627